Pays par leurs 10 plus grandes villes - Afrique - Statistiques

Statistiques générales
  • Ce quiz a été pris 340 fois
  • Le résultat moyen est 5 sur 9
Réponses sur la Carte
Les réponses sont colorées sur une échelle allant du rouge au vert en fonction du pourcentage des utilisateurs qui les ont devinées à leur premier essai. Vous pouvez retrouver ces pourcentages ci-dessous.
 
Statistiques - réponses
Pays % Correct
1 Egypte
97%
3 Algérie
68%
2 Nigéria
63%
8 Maroc
50%
6 Afrique du Sud
49%
9 République Démocratique du Congo
44%
4 Angola
38%
7 Kenya
30%
5 Côte d'Ivoire
27%
Aucun quiz correspondant
Distribution des résultats
% des personnes avec chaque résultat
Percentile par nombre de réponses
Votre historique - résultats
Vous n’avez pas pris ce quiz